00533nam a2200205 a 4500001001300000003000900013005001700022008004100039020002300080082001500103100001500118245003900133260002700172300000900199500003500208505003000243650002200273650001700295700001500312nice12345678IN_TiNIC20260116012320.0050524s1944 dela grp 000 0 eng  a8185445 c25000a269.2bSHY aShyam, Lal aTribals and Christian Missionaries aDelhibManak Pubc1944 a176p aincludes index and biblioraphy2 aAppendices, Biblio, Index aEvangelistic Work aTribes-India1 aShyam, Lal